T'ao Yüan-ming: Volume 2, Additional Commentary, Notes and Biography : (Record no. 602410)

MARC details
000 -LEADER
fixed length control field 00532nam a2200181 a 4500
008 - FIXED-LENGTH DATA ELEMENTS--GENERAL INFORMATION
fixed length control field 251211s2009##################000#0#eng##
020 ## - INTERNATIONAL STANDARD BOOK NUMBER
ISBN 9780521104531
082 04 - DEWEY DECIMAL CLASSIFICATION NUMBER
Classification number 895.112DAV.2
100 1# - MAIN ENTRY--AUTHOR NAME
Personal name Davis, A. R.,
245 10 - TITLE STATEMENT
Title T'ao Yüan-ming: Volume 2, Additional Commentary, Notes and Biography :
260 ## - PUBLICATION, DISTRIBUTION, ETC. (IMPRINT)
Name of publisher Cambridge University Press,
Year of publication 2009.
650 #0 - SUBJECT ADDED ENTRY--TOPICAL TERM
Topical Term Literary Criticism.
942 ## - ADDED ENTRY ELEMENTS (KOHA)
Koha item type English Books
Holdings
Withdrawn status Lost status Damaged status Not for loan Home library Current library Date acquired Full call number Accession Number Price effective from Koha item type
        Anna Centenary Library Anna Centenary Library 13.12.2025 895.112DAV.2 234738 13.12.2025 English Books

Find us on the map